000 00530nam a2200181Ia 4500
008 151018s9999 xx 000 0 und d
082 _bRBASDV50721
_a380
100 _aनर्मदा इंदूरखा
245 _aबाजार
250 _b1
260 _bशुभा साहित्य
_c2009
300 _a16
600 _aनर्मदा इंदूरखा
630 _aबाजार
700 _aनर्मदा इंदूरखा
730 _aबाजार
942 _cBOOK
999 _c1049678
_d1049675